000 00528nam a2200181Ia 4500
005 20250923144322.0
008 008 250917s9999 xx 000 0 eng d
037 _aTextual
040 _aDSWL
_beng
_cDSWL
041 _aeng
_2eng
084 _aL7:4:691, N48
_qDSWL
100 _aDunbar, Flanders
_9823616
245 0 _aPsychosomatic diagnosis
_cby Flanders Dunbar
260 _aNew York
_b Paul B. Hoeber
_c1948
300 _a741 p.
942 _cTEXL
_hL7:4:691, N48
999 _c1437390
_d1437390